000 00341nam a2200133Ia 4500
008 230411s9999 xx 000 0 und d
041 _aeng
082 _aP/610.7362/DAT/B06910
100 _aDatta Parul
_9177972
245 _aPediatric Nursing
260 _bJaypee Brothers
_aNew Delhi
_c2007
300 _a498p
999 _c157166
_d157166